000 01007cam a2200289 a 4500
001 16965691
003 ARRUPE
005 20160415111021.0
008 990101s1992 enk b 001 0 eng
010 _a 2011659784
020 _a0002178559
040 _aDLC
_cDLC
042 _apcc
050 0 0 _aHX826
_b.M37 1992
100 1 _aMarshall, Peter.
_921255
245 1 0 _aDemanding the impossible :
_ba history of anarchism /
_cPeter Marshall.
260 _aLondon :
_bHarperCollins,
_c1992.
300 _axv, 767 p. ;
_c24 cm.
504 _aIncludes bibliographical references and index.
561 _5DLC
650 0 _aAnarchism
_xHistory.
_923920
650 0 _aAnarchists.
_923921
710 2 _aPaul Avrich Collection (Library of Congress)
_5DLC
_96852
906 _a7
_bcbc
_corignew
_d2
_encip
_f20
_gy-genrareb
942 _2lcc
_cMONOGRAPH
999 _c124643
_d124643